000 00539nam a2200181Ia 4500
999 _c33815
_d33815
003 OSt
005 20200917124058.0
008 190216s9999||||xx |||||||||||||| ||und||
020 _a9783540672326
040 _coclc
082 _a621.3828
_bHAS/S
100 _aHashimoto, Ken-Ya
_94682
245 0 _aSurface Acoustic Wave Devices In Telecommunications /
_cKen-Ya Hashimoto
260 _bSpringer,
_c2000.
_aNew York:
300 _a330p
650 _aPhysics
942 _cBK
_2ddc
_h621.3828
_iHAS/S
_k621.3828
_mHAS/S